Statistiche per Capitali mondiali più vicine ad Amsterdam - 15 secondi di sprint

Clicka qui per fare il quiz!

Statistiche generali

  • Questo quiz è stato fatto 8 volte
  • Il punteggio medio è 6 su 20

Statistiche sulle risposte

kmcapitale% Corretto
173Bruxelles
100%
430Parigi
86%
578Berlino
71%
358Londra
71%
631Berna
43%
622Copenaghen
43%
914Oslo
43%
319Lussemburgo
29%
1126Andorra la Vella
14%
756Dublino
14%
979Monaco
14%
713Praga
14%
1091San Marino
14%
1125Stoccolma
14%
670Vaduz
14%
936Vienna
14%
987Bratislava
0%
989Lubiana
0%
1098Varsavia
0%
1086Zagabria
0%

Distribuzione punteggi

Percentile per numero di risposta

Percentuale di utenti per punteggio

I tuoi punteggi nel tempo

Non hai fatto questo quiz